Sledovanie rebríčka hodnôt vysokoškolákov SPU v Nitre

Bibliographic Details
Main Author: Černáková, Eleonóra, 1954- (Author)
Format: Article
Language:Slovak

MARC

LEADER 00000nab a2200000 a 4500
001 vtls011107865
003 SK-MaSNL
005 20260303143529.0
008 230222|2011 xo |||||||||||||||||slo|
015 |a SNBRB 
035 |a (uuid)dd1da82c-1609-4c01-ad8e-4baa044a9771 
035 |a (urnnbn)urn:nbn:sk:snk:ar-a08azc 
035 |a urn:nbn:sk:snk-ab9e5b 
040 |a SNKBUCL  |b slo  |c SNKBUCL  |e AACR2 
041 0 |a slo 
044 |a xo  |c SK 
100 1 |a Černáková, Eleonóra,  |d 1954-  |4 aut  |9 191694 
245 1 0 |a Sledovanie rebríčka hodnôt vysokoškolákov SPU v Nitre  |c Eleonóra Černáková 
773 0 |t Pedagogica actualis  |g Roč. 2, č. 2 (2011), s. 15-19 
954 |a odborná, vedecká literatúra pôvodná (slovenská)  |2 lita 
958 |a OND 
958 |a EUIPO 
958 |a article13 
999 |c 1990643  |d 1992573